000 00259nam a22001217a 4500
008 181006b xxu||||| |||| 00| 0 eng d
041 _aeng
080 _a941
100 _a17
101 _aHIS
245 _aStar-Spangled Banner
_cSedeen, M
942 _2udc
_cBK
999 _c48947
_d48947